[Event "Rouen op 9th"]
[Site "Rouen"]
[Date "2016.12.19"]
[Round "4"]
[White "Mignot, Philippe"]
[Black "Ginovart, Camille"]
[Result "1-0"]
[WhiteElo "1321"]
[BlackElo "1567"]
[PlyCount "103"]
[EventDate "2016.12.17"]
[EventType "swiss"]
[EventRounds "7"]
[EventCountry "FRA"]
[SourceTitle "CBM 176 Extra"]
[Source "ChessBase"]
[SourceDate "2017.03.02"]
[SourceVersion "1"]
[SourceVersionDate "2017.03.02"]
[SourceQuality "1"]

1. d4 Nf6 2. c4 g6 3. Nc3 Bg7 4. e4 d6 5. Nf3 0-0 6. Be2 Bg4 7. Be3 Nc6 8. h3 Bxf3 9. Bxf3 e5 10. d5 Na5 11. Qa4 c5 12. dxc6 Nxc6 13. Bg5 Nd4 14. Qd1 Qb6 15. b3 Rac8 16. 0-0 Nd7 17. Nd5 Qc5 18. Ne7+ Kh8 19. Nxc8 Nxf3+ 20. Qxf3 Qxc8 21. Be7 Re8 22. Bxd6 f5 23. exf5 e4 24. Qf4 Bxa1 25. Rxa1 gxf5 26. Bb4 Ne5 27. Bc3 Qe6 28. Rd1 Kg8 29. Rd5 Nd3 30. Qxf5 Qxf5 31. Rxf5 Nc1 32. Rg5+ Kf8 33. Bb2 Nxa2 34. b4 Rc8 35. Ra5 Nxb4 36. Ba3 Rxc4 37. Rxa7 Kg8 38. Rxb7 Nd3 39. Rb8+ Kg7 40. Bf8+ Kf7 41. Bh6 Rc3 42. Be3 Ne5 43. Rb7+ Kg6 44. Re7 Kf5 45. Rxh7 Rd3 46. Rh5+ Ke6 47. Rh4 Kd5 48. Rh5 Ke6 49. g4 Nf3+ 50. Kg2 Rd1 51. Kg3 Ne5 52. Kf4 1-0

[Event "Rouen op 9th"]
[Site "Rouen"]
[Date "2016.12.17"]
[Round "1"]
[White "Bertrand, Julien"]
[Black "Mignot, Philippe"]
[Result "0-1"]
[WhiteElo "1799"]
[BlackElo "1321"]
[PlyCount "48"]
[EventDate "2016.12.17"]
[EventType "swiss"]
[EventRounds "7"]
[EventCountry "FRA"]
[SourceTitle "CBM 176 Extra"]
[Source "ChessBase"]
[SourceDate "2017.03.02"]
[SourceVersion "1"]
[SourceVersionDate "2017.03.02"]
[SourceQuality "1"]

1. Nf3 Nf6 2. g3 d5 3. Bg2 Bf5 4. c4 e6 5. Qb3 Nc6 6. a3 Rb8 7. d3 Qd7 8. Bd2 Be7 9. 0-0 0-0 10. h3 h6 11. Rc1 d4 12. Bb4 Rfe8 13. Nbd2 e5 14. Kh2 Bxb4 15. axb4 e4 16. b5 exf3 17. bxc6 bxc6 18. Bxf3 Rxb3 19. Nxb3 Bxh3 20. Rxa7 Bg4 21. Nc5 Qf5 22. Ne4 Bxf3 23. exf3 Nxe4 24. dxe4 Qxf3 0-1